[Event "Oberliga Ost A"]
[Site "?"]
[Date "2023.02.25"]
[Round "8.4"]
[White "Andre, Gordon"]
[Black "Reipsch, Jens"]
[Result "1/2-1/2"]
[WhiteElo "2346"]
[BlackElo "2236"]
[PlyCount "52"]
[EventDate "2022.09.18"]
[EventType "team-tourn"]
[EventCountry "GER"]
[WhiteTeam "Halle USV"]
[BlackTeam "Magdeburg SG Aufbau Elbe"]
[WhiteTeamCountry "GER"]
[BlackTeamCountry "GER"]

1. d4 Nf6 2. Nf3 c5 3. c4 cxd4 4. Nxd4 e5 5. Nc2 d5 6. cxd5 Qxd5 7. Qxd5 Nxd5 8. e4 Nb4 9. Nxb4 Bxb4+ 10. Bd2 Bxd2+ 11. Nxd2 Nc6 12. Bb5 Bd7 13. Nc4 Nd4 14. Bxd7+ Kxd7 15. Rc1 Ke6 16. f3 Rac8 17. Kf2 Rc7 18. Ne3 Rhc8 19. Rxc7 Rxc7 20. Rd1 g6 21. g4 f5 22. exf5+ gxf5 23. gxf5+ Nxf5 24. Rd8 Nxe3 25. Kxe3 Rc2 26. Rd2 Rc4 1/2-1/2

[Event "Oberliga Ost A"]
[Site "?"]
[Date "2023.02.25"]
[Round "8.5"]
[White "Huth, Martin"]
[Black "Paul, Johannes"]
[Result "0-1"]
[WhiteElo "1988"]
[BlackElo "2320"]
[PlyCount "76"]
[EventDate "2022.09.18"]
[EventType "team-tourn"]
[EventCountry "GER"]
[WhiteTeam "Magdeburg SG Aufbau Elbe"]
[BlackTeam "Halle USV"]
[WhiteTeamCountry "GER"]
[BlackTeamCountry "GER"]

1. e4 c5 2. Nf3 Nc6 3. d4 cxd4 4. Nxd4 Nf6 5. Nc3 e5 6. Ndb5 d6 7. Nd5 Nxd5 8. exd5 Ne7 9. c4 Ng6 10. Bd3 Be7 11. O-O O-O 12. Kh1 Bd7 13. Nc3 f5 14. f3 Bf6 15. Bd2 Nf4 16. Bxf4 exf4 17. Ne2 Be5 18. Rb1 Rf6 19. Qc2 Qe8 20. g3 g5 21. gxf4 gxf4 22. Rg1+ Kh8 23. Rg5 h6 24. Rg2 Qh5 25. Rf1 Rff8 26. c5 dxc5 27. Qxc5 Qf7 28. d6 Qf6 29. Qc7 Bc6 30. Qe7 Rad8 31. Bc4 Rxd6 32. Qxf6+ Rdxf6 33. Nc3 Bxc3 34. bxc3 Re8 35. Rd2 Rg6 36. Bd5 Rd8 37. c4 Rgd6 38. Rfd1 b5 0-1

[Event "Oberliga Ost A"]
[Site "?"]
[Date "2023.02.25"]
[Round "8.6"]
[White "Armbrust, Florian"]
[Black "Hentzgen, Thomas"]
[Result "1/2-1/2"]
[WhiteElo "2266"]
[BlackElo "1998"]
[PlyCount "82"]
[EventDate "2022.09.18"]
[EventType "team-tourn"]
[EventCountry "GER"]
[WhiteTeam "Halle USV"]
[BlackTeam "Magdeburg SG Aufbau Elbe"]
[WhiteTeamCountry "GER"]
[BlackTeamCountry "GER"]

1. e4 e6 2. d4 b6 3. Bd3 Bb7 4. Qe2 d5 5. exd5 Qxd5 6. Nf3 Nd7 7. O-O Ngf6 8. Ba6 Bxa6 9. Qxa6 Bd6 10. Nc3 Qf5 11. Qe2 c6 12. Nd1 O-O 13. Ne3 Qh5 14. Re1 Rac8 15. Nc4 Bb8 16. b3 Rfd8 17. Bb2 Nd5 18. Nce5 Nxe5 19. dxe5 c5 20. Qc4 Qf5 21. a4 Nb4 22. Re4 Rd5 23. Rae1 Rcd8 24. Qe2 h6 25. Bc3 a5 26. h3 Bc7 27. g4 Qg6 28. Kg2 Nc6 29. h4 R8d7 30. h5 Qh7 31. Rh1 Bd8 32. Qe3 Be7 33. Rh3 Rd1 34. Rg3 R7d5 35. Ne1 Nb4 36. Bxb4 axb4 37. Nd3 Kf8 38. f4 Ke8 39. Rf3 Rd2+ 40. Rf2 Rxf2+ 41. Kxf2 g5 1/2-1/2

[Event "Oberliga Ost A"]
[Site "?"]
[Date "2023.02.25"]
[Round "8.7"]
[White "Polzin, Gustav"]
[Black "Schoene, Maria"]
[Result "1-0"]
[WhiteElo "1828"]
[BlackElo "2185"]
[PlyCount "63"]
[EventDate "2022.09.18"]
[EventType "team-tourn"]
[EventCountry "GER"]
[WhiteTeam "Magdeburg SG Aufbau Elbe"]
[BlackTeam "Halle USV"]
[WhiteTeamCountry "GER"]
[BlackTeamCountry "GER"]

1. e4 d6 2. d4 Nf6 3. Nc3 g6 4. Be3 c6 5. Qd2 Nbd7 6. Nf3 b5 7. Bd3 Bb7 8. a4 b4 9. Nd1 a5 10. Bh6 Bxh6 11. Qxh6 Qc7 12. O-O O-O-O 13. c3 b3 14. Ne3 c5 15. Nd2 e6 16. Ra3 d5 17. e5 Ne8 18. Rxb3 c4 19. Ndxc4 dxc4 20. Bxc4 Nb6 21. Bb5 Kb8 22. Rc1 Ka7 23. Nc2 Qe7 24. c4 g5 25. Qh3 Qc7 26. Qc3 Nc8 27. Na3 Ng7 28. c5 Nf5 29. c6 Ba8 30. Bf1 Nxd4 31. Qc5+ Nb6 32. Qxa5+ 1-0

[Event "Oberliga Ost A"]
[Site "?"]
[Date "2023.02.25"]
[Round "8.8"]
[White "Wagner, Benjamin"]
[Black "Kretzschmar, Arnd"]
[Result "1-0"]
[WhiteElo "2123"]
[BlackElo "1909"]
[PlyCount "55"]
[EventDate "2022.09.18"]
[EventType "team-tourn"]
[EventCountry "GER"]
[WhiteTeam "Halle USV"]
[BlackTeam "Magdeburg SG Aufbau Elbe"]
[WhiteTeamCountry "GER"]
[BlackTeamCountry "GER"]

1. e4 c5 2. Nf3 d6 3. d4 cxd4 4. Nxd4 Nf6 5. Nc3 g6 6. Be3 Bg7 7. f3 O-O 8. Qd2 Nc6 9. Bc4 Bd7 10. O-O-O Ne5 11. Bb3 Qa5 12. Kb1 Rfc8 13. Bg5 Nc4 14. Bxc4 Rxc4 15. Nb3 Qa6 16. e5 Ne8 17. Nd5 Bxe5 18. Nxe7+ Kh8 19. h4 Ra4 20. h5 Bf5 21. hxg6 Bxg6 22. Nxg6+ fxg6 23. Qd5 h5 24. Nc5 Nc7 25. Qf7 Qc4 26. Bf6+ Bxf6 27. Qxf6+ Kh7 28. Nxa4 1-0

[Event "Oberliga Ost A"]
[Site "?"]
[Date "2023.02.25"]
[Round "8.1"]
[White "Orsag, Milan"]
[Black "Mazur, Stefan"]
[Result "0-1"]
[WhiteElo "2307"]
[BlackElo "2440"]
[PlyCount "148"]
[EventDate "2022.09.18"]
[EventType "team-tourn"]
[EventCountry "GER"]
[WhiteTeam "Magdeburg SG Aufbau Elbe"]
[BlackTeam "Halle USV"]
[WhiteTeamCountry "GER"]
[BlackTeamCountry "GER"]

1. d4 d5 2. Nf3 c5 3. c4 cxd4 4. cxd5 Nf6 5. Qxd4 Qxd5 6. Nc3 Qxd4 7. Nxd4 a6 8. g3 e5 9. Nb3 Nc6 10. Bg2 a5 11. Nb5 Bb4+ 12. Bd2 O-O 13. a3 Be6 14. axb4 Bxb3 15. bxa5 Rfd8 16. Bxc6 bxc6 17. Nc3 Ra6 18. f3 h6 19. Na4 Rd5 20. Nb6 Rb5 21. Rc1 Nd5 22. Nd7 f6 23. Nc5 Ra8 24. e4 Nb4 25. Nxb3 Nd3+ 26. Ke2 Nxc1+ 27. Nxc1 Rxb2 28. Nd3 Ra2 29. Ke3 Rd8 30. Rc1 Ra3 31. Bc3 c5 32. Nb2 Ra2 33. f4 exf4+ 34. gxf4 Rb8 35. Rc2 Kf7 36. Kd3 Ke6 37. Kc4 f5 38. e5 g5 39. Rd2 gxf4 40. Rd6+ Kf7 41. Rd2 Ra3 42. Rc2 f3 43. Kd3 Rbb3 44. Nd1 Rb1 45. Ne3 Ke6 46. Nc4 Ra4 47. Rf2 Rd1+ 48. Nd2 c4+ 49. Kc2 Rh1 50. Nxf3 Ra2+ 51. Bb2 f4 52. Re2 Rf1 53. Nd4+ Ke7 54. e6 f3 55. Nf5+ Ke8 56. Rd2 c3 57. Kxc3 f2 58. Kb3 Rg1 59. e7 Rxb2+ 60. Kxb2 Rb1+ 61. Kc3 Rc1+ 62. Kb4 Rb1+ 63. Kc5 Rb5+ 64. Kc6 Rxf5 65. Rxf2 Rxf2 66. a6 Kxe7 67. a7 Ra2 68. Kb7 Kf6 69. a8=Q Rxa8 70. Kxa8 Kg5 71. Kb7 Kh4 72. Kc6 Kh3 73. Kd5 Kxh2 74. Ke4 Kg3 0-1

[Event "Oberliga Ost A"]
[Site "?"]
[Date "2023.02.25"]
[Round "8.2"]
[White "Fuchs, Florian"]
[Black "Hassemeier, Mika"]
[Result "1-0"]
[WhiteElo "2338"]
[BlackElo "2082"]
[PlyCount "53"]
[EventDate "2022.09.18"]
[EventType "team-tourn"]
[EventCountry "GER"]
[WhiteTeam "Hoyerswerde FVS ASP"]
[BlackTeam "Reichenbrand SV Eiche"]
[WhiteTeamCountry "GER"]
[BlackTeamCountry "GER"]

1. e4 c5 2. Nf3 d6 3. d4 cxd4 4. Nxd4 Nf6 5. Nc3 Nc6 6. Bg5 e6 7. Qd2 a6 8. O-O-O Bd7 9. f3 Nxd4 10. Qxd4 h6 11. Bh4 Bc6 12. Bc4 b5 13. Bb3 a5 14. e5 dxe5 15. Qxe5 Nd7 16. Rxd7 Qxd7 17. Rd1 f6 18. Qe2 Bd6 19. Bxe6 Bf4+ 20. Kb1 Qe7 21. Nd5 Bxd5 22. Qxb5+ Kf8 23. Qxd5 Re8 24. Bd7 Rd8 25. Bf2 Be3 26. Bg3 Bc5 27. Bc7 1-0

[Event "Oberliga Ost A"]
[Site "?"]
[Date "2023.02.25"]
[Round "8.3"]
[White "Spivak, Ilya"]
[Black "Fischer, Edwin"]
[Result "1/2-1/2"]
[WhiteElo "2310"]
[BlackElo "2222"]
[PlyCount "63"]
[EventDate "2022.09.18"]
[EventType "team-tourn"]
[EventCountry "GER"]
[WhiteTeam "Reichenbrand SV Eiche"]
[BlackTeam "Hoyerswerde FVS ASP"]
[WhiteTeamCountry "GER"]
[BlackTeamCountry "GER"]

1. e4 d5 2. exd5 Qxd5 3. Nc3 Qd8 4. d4 Nf6 5. Nf3 Bg4 6. h3 Bxf3 7. Qxf3 c6 8. g4 e6 9. g5 Nd5 10. Ne4 c5 11. dxc5 Bxc5 12. Bd2 Qb6 13. O-O-O Nc6 14. c4 Nde7 15. Bc3 e5 16. Nxc5 Qxc5 17. a3 a5 18. Bd3 O-O 19. Qe4 Ng6 20. h4 f5 21. gxf6 Rxf6 22. h5 Nf8 23. Rhg1 Rd8 24. f4 Rxf4 25. Rxg7+ Kxg7 26. Qxf4 Qe7 27. Qg4+ Kh8 28. Rg1 Nd7 29. Bc2 Nf6 30. Qf5 Nd4 31. Bxd4 exd4 32. Qd3 1/2-1/2

[Event "Oberliga Ost A"]
[Site "?"]
[Date "2023.02.25"]
[Round "8.4"]
[White "Laemmel, Sebastian"]
[Black "Hovsepyan, Vardan"]
[Result "1-0"]
[WhiteElo "2121"]
[BlackElo "2254"]
[PlyCount "55"]
[EventDate "2022.09.18"]
[EventType "team-tourn"]
[EventCountry "GER"]
[WhiteTeam "Hoyerswerde FVS ASP"]
[BlackTeam "Reichenbrand SV Eiche"]
[WhiteTeamCountry "GER"]
[BlackTeamCountry "GER"]

1. d4 f5 2. c4 e6 3. g3 Nf6 4. Bg2 Bb4+ 5. Nd2 d6 6. Qa4+ Nc6 7. Bxc6+ bxc6 8. Qxb4 O-O 9. Ngf3 Qe8 10. Qc3 Qh5 11. b3 Ng4 12. Bb2 f4 13. Rf1 c5 14. O-O-O cxd4 15. Qxd4 Qh6 16. h3 e5 17. Qe4 Bf5 18. Qd5+ Be6 19. Qc6 Nf6 20. gxf4 Qxf4 21. Bxe5 Qf5 22. e4 Qh5 23. Bxf6 gxf6 24. Qxc7 Rf7 25. Qxd6 Re8 26. Nd4 Rd7 27. Qg3+ Rg7 28. Qc3 1-0

[Event "Oberliga Ost A"]
[Site "?"]
[Date "2023.02.25"]
[Round "8.5"]
[White "Boehm, Robert"]
[Black "Kyas, Juergen"]
[Result "1/2-1/2"]
[WhiteElo "2123"]
[BlackElo "2182"]
[PlyCount "30"]
[EventDate "2022.09.18"]
[EventType "team-tourn"]
[EventCountry "GER"]
[WhiteTeam "Reichenbrand SV Eiche"]
[BlackTeam "Hoyerswerde FVS ASP"]
[WhiteTeamCountry "GER"]
[BlackTeamCountry "GER"]

1. Nf3 c5 2. c4 g6 3. Nc3 Bg7 4. g3 Nc6 5. Bg2 e6 6. d3 Nge7 7. O-O d5 8. Bd2 b6 9. a3 Bb7 10. Rb1 O-O 11. cxd5 Nxd5 12. Qa4 Nxc3 13. Bxc3 Bxc3 14. bxc3 Qe7 15. c4 Rfd8 1/2-1/2

[Event "Oberliga Ost A"]
[Site "?"]
[Date "2023.02.25"]
[Round "8.6"]
[White "Fehlhammer, Michael"]
[Black "Jahnel, Guenther"]
[Result "1-0"]
[WhiteElo "2145"]
[BlackElo "2212"]
[PlyCount "43"]
[EventDate "2022.09.18"]
[EventType "team-tourn"]
[EventCountry "GER"]
[WhiteTeam "Hoyerswerde FVS ASP"]
[BlackTeam "Reichenbrand SV Eiche"]
[WhiteTeamCountry "GER"]
[BlackTeamCountry "GER"]

1. e4 d6 2. d4 Nf6 3. Nc3 g6 4. f4 Bg7 5. Nf3 c5 6. Bb5+ Bd7 7. e5 Ng4 8. e6 fxe6 9. Ng5 Bxb5 10. Nxb5 Qa5+ 11. c3 Qxb5 12. Nxe6 Qd7 13. Qxg4 cxd4 14. f5 Kf7 15. O-O Bf6 16. Nxd4 Qc8 17. Bg5 Nc6 18. Bxf6 exf6 19. fxg6+ hxg6 20. Rxf6+ Kxf6 21. Rf1+ Ke7 22. Qg5+ 1-0

[Event "Oberliga Ost A"]
[Site "?"]
[Date "2023.02.25"]
[Round "8.7"]
[White "Wolf, Andreas"]
[Black "Sussbauer, Marco"]
[Result "1-0"]
[WhiteElo "2048"]
[BlackElo "1995"]
[PlyCount "119"]
[EventDate "2022.09.18"]
[EventType "team-tourn"]
[EventCountry "GER"]
[WhiteTeam "Reichenbrand SV Eiche"]
[BlackTeam "Hoyerswerde FVS ASP"]
[WhiteTeamCountry "GER"]
[BlackTeamCountry "GER"]

1. d4 Nf6 2. c4 c5 3. Nf3 cxd4 4. Nxd4 g6 5. g3 d5 6. Bg2 dxc4 7. O-O Bg7 8. Qa4+ Nbd7 9. Rd1 O-O 10. Qxc4 Qa5 11. Qb5 Qxb5 12. Nxb5 a6 13. Nc7 Rb8 14. Nc3 Ne8 15. N7d5 Nc5 16. Nxe7+ Kh8 17. Bf4 Ra8 18. Rd8 Nf6 19. Rxf8+ Bxf8 20. Nxc8 Rxc8 21. Be5 Bg7 22. Rd1 Ng4 23. Bxg7+ Kxg7 24. Bh3 f5 25. Bxg4 fxg4 26. b4 Ne6 27. Rd7+ Kh6 28. Rd3 Rc4 29. a3 Nd4 30. Kf1 b6 31. Nd1 Kg5 32. Ne3 Rc1+ 33. Kg2 Nf5 34. h4+ gxh3+ 35. Kxh3 Nxe3 36. Rxe3 Ra1 37. Kg2 h5 38. Rd3 Kf5 39. f3 Ra2 40. Kf2 Ke6 41. f4 Ra1 42. e4 a5 43. Rc3 Kd7 44. bxa5 bxa5 45. Ke3 Kd6 46. Kd4 Rd1+ 47. Kc4 Kc6 48. e5 Re1 49. Rd3 g5 50. Rd6+ Kc7 51. Rf6 Re3 52. Kd5 Kd7 53. Rf7+ Ke8 54. Ra7 h4 55. Ke6 Kf8 56. Kf6 Kg8 57. Rg7+ Kf8 58. Rxg5 Rxg3 59. e6 a4 60. f5 1-0

[Event "Oberliga Ost A"]
[Site "?"]
[Date "2023.02.25"]
[Round "8.8"]
[White "Waltenberger, Udo"]
[Black "Grohmann, Alexander"]
[Result "0-1"]
[WhiteElo "2002"]
[BlackElo "1983"]
[PlyCount "44"]
[EventDate "2022.09.18"]
[EventType "team-tourn"]
[EventCountry "GER"]
[WhiteTeam "Hoyerswerde FVS ASP"]
[BlackTeam "Reichenbrand SV Eiche"]
[WhiteTeamCountry "GER"]
[BlackTeamCountry "GER"]

1. c4 e6 2. g3 d5 3. Bg2 Nf6 4. Nf3 c6 5. Qc2 Bd6 6. d4 Ne4 7. O-O O-O 8. Nbd2 f5 9. c5 Bc7 10. b4 Nd7 11. Bb2 Qf6 12. a4 Nxd2 13. Nxd2 e5 14. dxe5 Bxe5 15. Bxe5 Nxe5 16. Rac1 f4 17. Qc3 Bg4 18. Nf3 Rae8 19. Rfe1 fxg3 20. hxg3 Nxf3+ 21. Bxf3 Qxc3 22. Rxc3 Bxf3 0-1

[Event "Oberliga Ost A"]
[Site "?"]
[Date "2023.02.25"]
[Round "8.1"]
[White "Stein, Robert"]
[Black "Mastrovasilis, Dimitrios"]
[Result "1/2-1/2"]
[WhiteElo "2407"]
[BlackElo "2599"]
[PlyCount "53"]
[EventDate "2022.09.18"]
[EventType "team-tourn"]
[EventCountry "GER"]
[WhiteTeam "Reichenbrand SV Eiche"]
[BlackTeam "Hoyerswerde FVS ASP"]
[WhiteTeamCountry "GER"]
[BlackTeamCountry "GER"]

1. d4 d5 2. c4 e6 3. Nf3 Nf6 4. g3 dxc4 5. Bg2 Bb4+ 6. Nbd2 b5 7. O-O a5 8. b3 cxb3 9. Nxb3 Bb7 10. Bd2 O-O 11. Bxb4 axb4 12. Qd2 Na6 13. Rfc1 Qd6 14. Qd3 Rab8 15. Ne5 Bxg2 16. Kxg2 Rb6 17. e4 Nd7 18. Nxd7 Qxd7 19. Rc2 Rd6 20. Qe3 h6 21. Rac1 Rd8 22. Qf4 Qe8 23. h4 R8d7 24. Qe5 Rd8 25. Qf4 R8d7 26. Qe5 Rd8 27. Qf4 1/2-1/2

[Event "Oberliga Ost A"]
[Site "?"]
[Date "2023.02.25"]
[Round "8.2"]
[White "Zawadzka, Jolanta"]
[Black "Post, Hugo"]
[Result "1-0"]
[WhiteElo "2386"]
[BlackElo "2208"]
[PlyCount "63"]
[EventDate "2022.09.18"]
[EventType "team-tourn"]
[EventCountry "GER"]
[WhiteTeam "Loeberitz SG"]
[BlackTeam "Plauen SK Koenig"]
[WhiteTeamCountry "GER"]
[BlackTeamCountry "GER"]

1. e4 c5 2. Nf3 Nc6 3. Bb5 d6 4. O-O Bd7 5. Re1 a6 6. Bxc6 Bxc6 7. d4 cxd4 8. Nxd4 Nf6 9. Nxc6 bxc6 10. Qf3 e5 11. Bg5 Be7 12. Nd2 Nd7 13. Bxe7 Qxe7 14. Nc4 Nc5 15. Rad1 Rd8 16. Rd2 Qe6 17. b3 O-O 18. Red1 Nb7 19. Qe3 c5 20. Qd3 f5 21. exf5 Rxf5 22. Ne3 Rf4 23. Qxa6 Qf7 24. Nd5 Rd4 25. c3 Qxd5 26. cxd4 cxd4 27. b4 Rc8 28. a4 Rc4 29. Qa8+ Kf7 30. a5 Rxb4 31. a6 Qb3 32. axb7 1-0

[Event "Oberliga Ost A"]
[Site "?"]
[Date "2023.02.25"]
[Round "8.3"]
[White "Niegsch, Nicolas"]
[Black "Burian, Simon"]
[Result "1-0"]
[WhiteElo "2309"]
[BlackElo "2145"]
[PlyCount "61"]
[EventDate "2022.09.18"]
[EventType "team-tourn"]
[EventCountry "GER"]
[WhiteTeam "Plauen SK Koenig"]
[BlackTeam "Loeberitz SG"]
[WhiteTeamCountry "GER"]
[BlackTeamCountry "GER"]

1. Nf3 Nf6 2. c4 c5 3. e3 g6 4. d4 cxd4 5. exd4 d5 6. cxd5 Bg7 7. Qb3 O-O 8. Nc3 Nbd7 9. h4 Nb6 10. h5 Nfxd5 11. h6 Bf6 12. Ne4 a5 13. Be2 a4 14. Qd1 Bf5 15. Nxf6+ exf6 16. O-O Rc8 17. Ne1 Qd6 18. g4 Bd7 19. Ng2 Rfe8 20. Bf3 a3 21. Qb3 Nc4 22. bxa3 b5 23. Qd3 Bc6 24. Rb1 Ra8 25. Rb3 Na5 26. Rb1 Nc4 27. Rb3 Ra7 28. Re1 Rxe1+ 29. Nxe1 Qe6 30. Ng2 Rd7 31. Qxc4 1-0

[Event "Oberliga Ost A"]
[Site "?"]
[Date "2023.02.25"]
[Round "8.4"]
[White "Zaehringer, Daniel"]
[Black "Schuetze, Norman"]
[Result "0-1"]
[WhiteElo "2147"]
[BlackElo "2277"]
[PlyCount "92"]
[EventDate "2022.09.18"]
[EventType "team-tourn"]
[EventCountry "GER"]
[WhiteTeam "Loeberitz SG"]
[BlackTeam "Plauen SK Koenig"]
[WhiteTeamCountry "GER"]
[BlackTeamCountry "GER"]

1. d4 d5 2. c4 e6 3. Nc3 Bb4 4. e3 Nf6 5. a3 Bxc3+ 6. bxc3 c6 7. Bd3 e5 8. dxe5 dxc4 9. Bxc4 Qxd1+ 10. Kxd1 Ng4 11. Ke2 Nxe5 12. Ba2 b6 13. f3 Ba6+ 14. Kf2 Nbd7 15. Ne2 Nd3+ 16. Kg3 N7e5 17. Nf4 O-O-O 18. Nxd3 Rxd3 19. e4 Nc4 20. Bxc4 Bxc4 21. Bf4 f6 22. h4 Rxc3 23. Rhc1 Rxc1 24. Rxc1 Bb5 25. Rd1 Re8 26. Kf2 c5 27. Ke3 Kb7 28. Rd6 Ka6 29. Kd2 Ka5 30. Kc3 Ka4 31. Kb2 Re7 32. Rd2 Rd7 33. Rxd7 Bxd7 34. e5 f5 35. Be3 Be6 36. Bg5 Kb5 37. Kc3 Kc6 38. Bd8 Kd7 39. Bg5 b5 40. Be3 Kc6 41. Bg5 a5 42. Bd8 b4+ 43. Kb2 Kb5 44. Be7 c4 45. Bf8 g6 46. Be7 c3+ 0-1

[Event "Oberliga Ost A"]
[Site "?"]
[Date "2023.02.25"]
[Round "8.5"]
[White "Pallas, Sebastian"]
[Black "Kunze, Carlo"]
[Result "1-0"]
[WhiteElo "2185"]
[BlackElo "2286"]
[PlyCount "139"]
[EventDate "2022.09.18"]
[EventType "team-tourn"]
[EventCountry "GER"]
[WhiteTeam "Plauen SK Koenig"]
[BlackTeam "Loeberitz SG"]
[WhiteTeamCountry "GER"]
[BlackTeamCountry "GER"]

1. e4 Nf6 2. e5 Nd5 3. d4 d6 4. c4 Nb6 5. exd6 exd6 6. h3 Bf5 7. Nf3 Be7 8. Bd3 Qd7 9. O-O O-O 10. Qc2 Bxd3 11. Qxd3 Nc6 12. Bd2 Rae8 13. Bc3 Bf6 14. Nbd2 d5 15. Rfd1 Na4 16. cxd5 Qxd5 17. Nf1 Nxc3 18. bxc3 g6 19. Ne3 Qd7 20. Qb5 b6 21. a4 Rd8 22. Nc4 Rfe8 23. Re1 Ne7 24. Qxd7 Rxd7 25. Re4 Red8 26. Nfe5 Bxe5 27. Nxe5 Rd6 28. Nf3 Nd5 29. c4 Nf6 30. Rf4 Kg7 31. a5 Re8 32. axb6 axb6 33. Ne5 Re7 34. Ra7 Nh5 35. Rh4 f5 36. Nd3 Kf6 37. d5 b5 38. Nb4 f4 39. c5 Rdd7 40. Ra6+ Kf5 41. d6 Re1+ 42. Kh2 Rc1 43. dxc7 Rxc5 44. Nc6 Rxc7 45. Nd4+ Ke5 46. Ne6 R7c6 47. Nxc5 Rxc5 48. Rb6 Kf5 49. g3 fxg3+ 50. fxg3 Rc2+ 51. Kg1 Rc1+ 52. Kf2 Rc2+ 53. Ke1 Nxg3 54. Rxb5+ Kf6 55. Rxh7 Re2+ 56. Kd1 Rh2 57. Rb6+ Kg5 58. Rg7 Rxh3 59. Rbxg6+ Kf4 60. Rf7+ Ke3 61. Re7+ Kf4 62. Rf6+ Nf5 63. Re1 Kg5 64. Rf8 Rd3+ 65. Kc2 Rd5 66. Kc3 Kg4 67. Kc4 Rd4+ 68. Kc5 Rf4 69. Rg1+ Kh3 70. Rg5 1-0

[Event "Oberliga Ost A"]
[Site "?"]
[Date "2023.02.25"]
[Round "8.6"]
[White "Hoerr, Matthias"]
[Black "Otikova, Elina"]
[Result "1/2-1/2"]
[WhiteElo "2071"]
[BlackElo "2103"]
[PlyCount "72"]
[EventDate "2022.09.18"]
[EventType "team-tourn"]
[EventCountry "GER"]
[WhiteTeam "Loeberitz SG"]
[BlackTeam "Plauen SK Koenig"]
[WhiteTeamCountry "GER"]
[BlackTeamCountry "GER"]

1. e4 e5 2. Nc3 Nf6 3. Nf3 Nc6 4. d4 exd4 5. Nxd4 Bb4 6. Nxc6 bxc6 7. Bd3 d5 8. exd5 cxd5 9. O-O O-O 10. h3 c6 11. Qf3 Bd6 12. Bf4 Be6 13. Ne2 Rb8 14. b3 Qc7 15. Rfe1 Rfe8 16. Rad1 Bxf4 17. Nxf4 Bd7 18. c4 Qa5 19. Rxe8+ Rxe8 20. cxd5 cxd5 21. Bb1 Re1+ 22. Kh2 Rxd1 23. Qxd1 Qc7 24. g3 Qe5 25. Qe2 Qd6 26. Qd3 Qc5 27. Qc2 Qd4 28. f3 g6 29. Qe2 Kg7 30. h4 h5 31. Kg2 Qa1 32. Bd3 Qc3 33. Qe7 Qd2+ 34. Qe2 Qc3 35. Qe7 Qd2+ 36. Qe2 Qc3 1/2-1/2

[Event "Oberliga Ost A"]
[Site "?"]
[Date "2023.02.25"]
[Round "8.7"]
[White "Mertens, Fridolin"]
[Black "Sandner, Gunter"]
[Result "0-1"]
[WhiteElo "2134"]
[BlackElo "2226"]
[PlyCount "144"]
[EventDate "2022.09.18"]
[EventType "team-tourn"]
[EventCountry "GER"]
[WhiteTeam "Plauen SK Koenig"]
[BlackTeam "Loeberitz SG"]
[WhiteTeamCountry "GER"]
[BlackTeamCountry "GER"]

1. e4 g6 2. d4 Bg7 3. Nc3 a6 4. h4 h5 5. Nf3 b5 6. a4 b4 7. Nd5 Bb7 8. Bc4 e6 9. Nxb4 Bxe4 10. Qe2 d5 11. c3 Qd6 12. Nd3 Nd7 13. Ba2 Bxd3 14. Qxd3 c5 15. O-O Ne7 16. Rb1 c4 17. Qc2 O-O 18. b3 cxb3 19. Rxb3 Qc7 20. Ba3 Bf6 21. Rfb1 Rfb8 22. Rxb8+ Rxb8 23. Rxb8+ Qxb8 24. Qe2 Qb7 25. c4 Nb6 26. cxd5 Nbxd5 27. Bc4 a5 28. g3 Nc3 29. Qd3 Nxa4 30. Ne5 Nb6 31. Ba2 Nbd5 32. Qf3 Qc7 33. Bxe7 Bxe5 34. Bxd5 Bxd4 35. Bxe6 Qxe7 36. Bc4 Kg7 37. Qe2 Qd6 38. Qf3 Qe7 39. Kg2 a4 40. Qd5 Bc5 41. Qd2 a3 42. Bd5 Qe5 43. Ba2 Qe4+ 44. Kf1 Qd4 45. Qe2 f5 46. Qc2 Kf6 47. Bb1 Qb2 48. Qxc5 Qxb1+ 49. Kg2 Qe4+ 50. Kg1 Qe7 51. Qc3+ Ke6 52. Qe3+ Kd7 53. Qa7+ Ke8 54. Qb8+ Kf7 55. Qb3+ Kf8 56. Kg2 Qd6 57. Kg1 Ke7 58. Qe3+ Kd8 59. Qb3 Kc7 60. Qc3+ Kb6 61. Qb3+ Ka5 62. Qc3+ Ka4 63. Qc2+ Kb4 64. Qb1+ Ka5 65. Qb3 Qb4 66. Qd5+ Ka4 67. Qd1+ Qb3 68. Qd4+ Kb5 69. Qe5+ Kc4 70. Qe2+ Kc3 71. Qe5+ Kc2 72. Kg2 Qc4 0-1

[Event "Oberliga Ost A"]
[Site "?"]
[Date "2023.02.25"]
[Round "8.8"]
[White "Fischer, Erik"]
[Black "Schindler, Christian"]
[Result "1/2-1/2"]
[WhiteElo "2053"]
[BlackElo "2182"]
[PlyCount "35"]
[EventDate "2022.09.18"]
[EventType "team-tourn"]
[EventCountry "GER"]
[WhiteTeam "Loeberitz SG"]
[BlackTeam "Plauen SK Koenig"]
[WhiteTeamCountry "GER"]
[BlackTeamCountry "GER"]

1. e4 Nf6 2. e5 Nd5 3. d4 d6 4. c4 Nb6 5. exd6 exd6 6. Nc3 Be7 7. Bd3 Nc6 8. Nge2 Bg4 9. f3 Bh5 10. O-O O-O 11. Nf4 Bg6 12. Nxg6 hxg6 13. Be3 Bf6 14. Ne2 Nb4 15. Bf2 Nxd3 16. Qxd3 Qd7 17. b3 Rfe8 18. Rae1 1/2-1/2

[Event "Oberliga Ost A"]
[Site "?"]
[Date "2023.02.25"]
[Round "8.1"]
[White "Heyder, Florian"]
[Black "Klimakovs, Sergejs"]
[Result "1/2-1/2"]
[WhiteElo "2189"]
[BlackElo "2333"]
[PlyCount "106"]
[EventDate "2022.09.18"]
[EventType "team-tourn"]
[EventCountry "GER"]
[WhiteTeam "Plauen SK Koenig"]
[BlackTeam "Loeberitz SG"]
[WhiteTeamCountry "GER"]
[BlackTeamCountry "GER"]

1. Nf3 Nf6 2. c4 b6 3. g3 Bb7 4. Bg2 g6 5. O-O Bg7 6. Nc3 O-O 7. d4 Ne4 8. Qc2 Nxc3 9. Qxc3 c5 10. Be3 Nc6 11. Rfd1 Qc7 12. Rac1 d6 13. Qd2 cxd4 14. Nxd4 Nxd4 15. Bxd4 Bxg2 16. Bxg7 Kxg7 17. Kxg2 Rac8 18. f3 Qb7 19. Qd4+ Kg8 20. b3 Rc5 21. a4 Rfc8 22. e4 Qc6 23. Rc3 a6 24. Re3 Re5 25. Red3 Ra5 26. Qe3 Qc5 27. Qd2 Qg5 28. Qf2 Rac5 29. Rd5 Qf6 30. Qd4 Kg7 31. Kf2 Qxd4+ 32. R1xd4 Kf6 33. Ke3 Ke6 34. Rd2 Rf8 35. Ra2 f5 36. f4 fxe4 37. Kxe4 Rf5 38. Rxf5 gxf5+ 39. Kd3 a5 40. Rb2 Rc8 41. Rd2 h5 42. Ke3 Kd7 43. Kf3 e6 44. h3 Rh8 45. Re2 Rh6 46. Re3 Kc6 47. Ke2 Kc5 48. h4 Rg6 49. Kd2 Kd4 50. Rd3+ Kc5 51. Re3 Kd4 52. Rd3+ Kc5 53. Re3 Kd4 1/2-1/2

[Event "Oberliga Ost A"]
[Site "?"]
[Date "2023.02.25"]
[Round "8.3"]
[White "Hellwig, Tobias"]
[Black "Tolmacevs, Artjoms"]
[Result "0-1"]
[WhiteElo "2206"]
[BlackElo "2019"]
[PlyCount "62"]
[EventDate "2022.09.18"]
[EventType "team-tourn"]
[EventCountry "GER"]
[WhiteTeam "Magdeburg USC"]
[BlackTeam "Sangerhausen SV"]
[WhiteTeamCountry "GER"]
[BlackTeamCountry "GER"]

1. d4 Nf6 2. Nf3 c5 3. c3 d5 4. dxc5 e6 5. Be3 Nbd7 6. b4 a5 7. Qa4 Be7 8. g3 O-O 9. Bg2 Ng4 10. Bd2 Nde5 11. Nxe5 Nxe5 12. a3 b6 13. c6 b5 14. Qxb5 axb4 15. cxb4 Ba6 16. Qa5 Qb8 17. Bxd5 exd5 18. Qxd5 Rd8 19. Qe4 Bb5 20. Bf4 Bxc6 21. Qxc6 Rd1+ 22. Kxd1 Qd8+ 23. Nd2 Nxc6 24. Rc1 Qd5 25. e4 Qe6 26. Rc3 Bf6 27. e5 Bxe5 28. Bxe5 Qxe5 29. Kc2 Nd4+ 30. Kb1 Nb5 31. Re3 Nxa3+ 0-1